Ganga (the holy river) / (Record no. 52473)

MARC details
000 -LEADER
fixed length control field 00523nam a2200205Ia 4500
005 - DATE AND TIME OF LATEST TRANSACTION
control field 20260429112125.0
008 - FIXED-LENGTH DATA ELEMENTS--GENERAL INFORMATION
fixed length control field 260429s9999||||xx |||||||||||||| ||und||
020 ## - INTERNATIONAL STANDARD BOOK NUMBER
International Standard Book Number 9789349557154
041 ## - LANGUAGE CODE
Language English
082 ## - DEWEY DECIMAL CLASSIFICATION NUMBER
Classification number 294.52114
Item number NAG
100 ## - MAIN ENTRY--PERSONAL NAME
Personal name Nagar, Shantilal
245 #0 - TITLE STATEMENT
Title Ganga (the holy river) /
Statement of responsibility, etc Shantilal Nagar
250 ## - EDITION STATEMENT
Edition statement 1st ed.
260 ## - PUBLICATION, DISTRIBUTION, ETC. (IMPRINT)
Place of publication, distribution, etc Delhi :
Name of publisher, distributor, etc B. R. Publishing Corporation,
Date of publication, distribution, etc 2026.
300 ## - PHYSICAL DESCRIPTION
Extent vi, 104 p.; hb
440 ## - SERIES STATEMENT/ADDED ENTRY--TITLE
Title Holy Books
650 ## - SUBJECT ADDED ENTRY--TOPICAL TERM
Topical term or geographic name as entry element River
650 ## - SUBJECT ADDED ENTRY--TOPICAL TERM
Topical term or geographic name as entry element Ganga
942 ## - ADDED ENTRY ELEMENTS (KOHA)
Koha item type Text Books
Holdings
Withdrawn status Lost status Damaged status Not for loan Collection code Home library Location Shelving location Date of Cataloging Source of acquisition Total Checkouts Full call number Barcode Date last seen Price effective from Koha item type
        Non-fiction CUTN Central Library CUTN Central Library Religion 29/04/2026 TBH Library Book Suppliers, Chennai - Invoice No. SINV00732 on 09-02-2026   294.52114 NAG 57558 29/04/2026 29/04/2026 Text Books